000 01053nam a2200277 a 4500
001 000006590
003 DO-SdBNP
005 20250306135234.0
008 090901s2003 dr a 001 0 spa d
040 _aDO-SdBNP
_bspa
_cBNPHU
082 _a378.2
_bJ61p
100 1 _aJiménez P., Rafael E.
_918288
245 1 0 _aPosgrado y actualización profesional :
_bentropía, amnistía y un nuevo marco institucional /
_cRafael E. Jiménez P.
260 _aSanto Domingo :
_b[s.n.],
_c2003.
300 _a177 p. :
_bil. ;
_c22 cm.
500 _aIncluye datos biográficos del autor en la solapa.
504 _aIncluye bibliografía y notas al pie de páginas.
504 _aBibliografía: p. 176-177.
590 _aInventariado, 2018/MFF
610 1 0 _aUniversidad Autónoma de Santo Domingo
_xReglamentos
_972951
650 4 _aEducación superior
_xInvestigaciones
_918290
650 4 _aCentros de educación continuada
_918291
650 4 _aUniversidades
_xTrabajos de postgrado
_918292
910 _aValidado. Control de calidad EMS.
942 _2ddc
_cLBS1
999 _c6381
_d6381